1954 1559 1929 1272 1626 1730 1797 1495 1497 1639 1492 1708 1537 1956 1666 1798 1538 1937 1987 1429 1301 1306 1894 1139 1281 1072 1559 1437 1965 1222 1726 1250 1376 1730 1395 1976 1317 1795 1082 1602 1713 1138 1455 1367 1968 1050 1609 1957 1488 1348 1845 1579 1606 1373 1307 1052 1651 1291 1766 1526 1247 1427 1878 1842 1069 1247 1514 1076 1200 1808 1425 1528 1051 1181 1477 1551 1283 1581 1362 1526 1613 1346 1600 1246 1872 1308 1916 1373 1655 1785 1262 1857 1314 1707 1861 1107 1005 1600 1876 BCNSPRNW ULIB Ver.6.0+V

เปลี่ยนเป็นภาษาไทย

Change to English
 แสดงรายละเอียดบรรณานุกรม
  กลับหน้าหลัก

Brief Record : Get Marc (ISO 2709) : E-mail record : QR code < ปิดหน้าต่าง
LEADER : 00000nam 2200000uu 4500
001    13399113863
003     ULIB
008    120110s||||||||th 000 0 tha d
099    วจ.BF323^bช133จ
100 0  ชนกานต์ แสงคำกุล
245 00 เจตคติต่อวิชาชีพพยาบาล ของนักศึกษาพยาบาลศาสตร์บัณฑิต ชั้นปีที่ 1 ปีการศึกษา 2551 /^cชนกานต์ แสงคำกุล,วราภรณ์ สัตยวงศ์และอวินนท์ บัวประชุม
260    พิษณุโลก :^bวิทยาลัยพยาบาลบรมราชชนนี พุทธชินราช,^c2551
300    53 หน้า :^bตาราง
500    รายงานการวิจัย
650  7 วิชาชีพพยาบาล^xเจตคติ^xวิจัย
700 02 วราภรณ์ สัตยวงศ์
700 02 อวินนท์ บัวประชุม
710 1  วิทยาลัยพยาบาลบรมราชชนนี พุทธชินราช
945    ^p0^l0^i030926
995    ทศพร
999 ^a ทศพร
รายการนี้ยังไม่มีแท็ก
คุณยังไม่ได้ล็อกอิน คุณสามารถมีกิจกรรมร่วมกับเว็บไซต์ได้ แต่ต้องล็อกอินก่อน ::
  ล็อกอิน

รายการสื่อสารสนเทศ

ลำดับที่ ประเภท เลขเรียก/บาร์โค้ด สถานที่ สถานะ
1. งานวิจัย
งานวิจัย
วจ.BF323 ช133จ ฉ.1 
  Barcode: 030926
ห้องสมุดวิทยาเขตสวรรค์ประชารักษ์
►วิจัย
บนชั้น

BibComment


ยังไม่เคยถูกคอมเมนท์

คอมเมนท์ทรัพยากรรายการนี้
  คอมเมนท์: เจตคติต่อวิชาชีพพ..


 Copyright 2026. Bcnsprnw @Library